| 000 | 01131nam a2200337 a 4500 | ||
|---|---|---|---|
| 001 | 000014085 | ||
| 003 | DO-SdBPM | ||
| 005 | 20250811143505.0 | ||
| 007 | ta | ||
| 008 | 091204s2006 dr 000 j spa d | ||
| 020 | _a9993442526 | ||
| 040 |
_aDO-SdBPM _bspa _cBPMSU _drda |
||
| 082 | 4 |
_aRD863.44 _bM524c 2006 _222 |
|
| 100 | 1 |
_aMella Chavier, Herman R., _d1938- _eautor |
|
| 245 | 1 | 0 |
_aCantar bien, cantar como ... y otros cuentos / _cHerman R. Mella Chavier ; prólogo Marcio Veloz Maggiolo. |
| 264 |
_aSanto Domingo : _bDirección General de la Feria del Libro, _c2006. |
||
| 300 |
_a81 páginas ; _c23 cm. |
||
| 336 |
_atexto _btxt _2rdacontent |
||
| 337 |
_asin mediación _bn _2rdamedia |
||
| 338 |
_avolumen _bnc _2rdacarrier |
||
| 490 | 0 |
_aEdiciones Ferilibro _v95 |
|
| 590 | _aInventariado, 2025/VM | ||
| 650 | 7 | _aCuentos dominicanos | |
| 650 | 7 | _aLiteratura dominicana. | |
| 650 | z | _aShort stories, Dominican | |
| 650 | z | _aDominican literature | |
| 700 | 1 |
_aVeloz Maggiolo, Marcio, _d1936-2021 _eprólogo |
|
| 700 | z | _a Maggiolo, Marcio Veloz | |
| 910 | _aVMateo V. Control de calidad BPMSU | ||
| 942 |
_2ddc _cBK |
||
| 999 |
_c15311 _d15311 |
||